|
|
|
|
| LEADER |
00000cam a2200000 7i4500 |
| 001 |
0000082320 |
| 005 |
20190117.0 |
| 008 |
190102 |
| 020 |
|
|
|a 9789675289682
|
| 041 |
0 |
|
|a Malay
|
| 090 |
0 |
0 |
|a ANN
|b MAL
|
| 100 |
0 |
|
|a Anna Kay
|
| 245 |
0 |
0 |
|a Haq Mawar
|c Anna Kay
|
| 260 |
|
|
|a Johor Bahru :
|b Intens Idea International Sdn. Bhd. ,
|c 2017
|
| 300 |
|
|
|a 631p. ;
|c 28cm.
|
| 541 |
0 |
0 |
|c Purchased on 2018
|f PA/2018/11 PAZ
|h RM28.00
|
| 650 |
|
0 |
|a Malay fiction
|
| 999 |
|
|
|a 0001543800
|b Book
|c Adult Collection
|e Cawangan Sri Merlong
|
| 999 |
|
|
|a 0001543801
|b Book
|c Adult Collection
|e Cawangan Mersing
|
| 999 |
|
|
|a 0001543802
|b Book
|c Adult Collection
|e Cawangan Bandar Penawar
|
| 999 |
|
|
|a 0001543803
|b Book
|c Adult Collection
|e Cawangan Pontian
|
| 999 |
|
|
|a 0001543804
|b Book
|c Adult Collection
|e Cawangan Bukit Gambir
|
| 999 |
|
|
|a 0001543806
|b Book
|c Adult Collection
|e Cawangan Taman Sri Lambak
|
| 999 |
|
|
|a 0001543807
|b Book
|c Adult Collection
|e Cawangan Segamat
|
| 999 |
|
|
|a 0001543808
|b Book
|c Adult Collection
|e Cawangan Taman Universiti
|
| 999 |
|
|
|a 0001543809
|b Book
|c Adult Collection
|e Cawangan Tangkak
|
| 999 |
|
|
|a 0001543810
|b Book
|c Adult Collection
|e Cawangan Kota Tinggi
|
| 999 |
|
|
|a 0001543811
|b Book
|c Adult Collection
|e Cawangan Bandar Tenggara
|
| 999 |
|
|
|a 0001543812
|b Book
|c Adult Collection
|e Cawangan Tmn. Ungku Tun Aminah
|
| 999 |
|
|
|a 0001543813
|b Book
|c Adult Collection
|e Cawangan Muar
|
| 999 |
|
|
|a 0001544594
|b Book
|c Adult Collection
|e Perbadanan Perpustakaan Awam Johor
|
| 999 |
|
|
|a 0001544595
|b Book
|c Adult Collection
|e Cawangan Urban Transformation Centre
|